<?xml version="1.0" encoding="UTF-8"?>
<record
    xmlns:xsi="http://www.w3.org/2001/XMLSchema-instance"
    xsi:schemaLocation="http://www.loc.gov/MARC21/slim http://www.loc.gov/standards/marcxml/schema/MARC21slim.xsd"
    xmlns="http://www.loc.gov/MARC21/slim">

  <leader>01552nam a22002177a 4500</leader>
  <controlfield tag="003">OSt</controlfield>
  <controlfield tag="005">20210722154806.0</controlfield>
  <controlfield tag="008">141119b        xxu||||| |||| 00| 0 eng d</controlfield>
  <datafield tag="020" ind1=" " ind2=" ">
    <subfield code="a">978007095101</subfield>
  </datafield>
  <datafield tag="040" ind1=" " ind2=" ">
    <subfield code="c">LC</subfield>
  </datafield>
  <datafield tag="050" ind1=" " ind2=" ">
    <subfield code="a">HG4026.M18</subfield>
  </datafield>
  <datafield tag="100" ind1=" " ind2=" ">
    <subfield code="q">Madura, Jeff</subfield>
  </datafield>
  <datafield tag="245" ind1=" " ind2=" ">
    <subfield code="a">International corporate finance. /</subfield>
    <subfield code="c">Jeff Madura</subfield>
  </datafield>
  <datafield tag="250" ind1=" " ind2=" ">
    <subfield code="a">11th ed.</subfield>
  </datafield>
  <datafield tag="260" ind1=" " ind2=" ">
    <subfield code="a">London:</subfield>
    <subfield code="b">South Western,</subfield>
    <subfield code="c">2012.</subfield>
  </datafield>
  <datafield tag="300" ind1=" " ind2=" ">
    <subfield code="a">xx, 8701 p.:</subfield>
    <subfield code="b">ills.;</subfield>
  </datafield>
  <datafield tag="500" ind1=" " ind2=" ">
    <subfield code="a">Includes index.</subfield>
  </datafield>
  <datafield tag="505" ind1=" " ind2=" ">
    <subfield code="a">Content: 1. The international financial environment: Multinational financial management -- International flow of funds -- International financial markets -- Exchange rate determination -- Currency derivatives -- 
2. Exchange rate behavior: Government influence on exchange rates -- International arbitrage and interest rates parity -- Inflation, interest rates, and exchange rates --    
3. Exchange rate risk management: Forecasting exchange rates -- Measuring exposure to exchange rate fluctuations  -- Managing transaction exposure -- Managing economic exposure and translation exposure -- 
4. Long-term asset and liability management: Direct foreign investments -- Multinational corporate governance and control -- Analysis of country risks -- Multinational cost of capital and capital structure -- Financing in the long-term --  
5. Short-term asset and liability management. Financing international trade -- Financing in the short-term -- International cash management
Appendices
Glossary
Index  </subfield>
  </datafield>
  <datafield tag="653" ind1=" " ind2=" ">
    <subfield code="a">	 International finance.</subfield>
  </datafield>
  <datafield tag="942" ind1=" " ind2=" ">
    <subfield code="2">lcc</subfield>
    <subfield code="c">BK</subfield>
  </datafield>
  <datafield tag="999" ind1=" " ind2=" ">
    <subfield code="c">7745</subfield>
    <subfield code="d">15245</subfield>
  </datafield>
  <datafield tag="952" ind1=" " ind2=" ">
    <subfield code="0">0</subfield>
    <subfield code="1">0</subfield>
    <subfield code="2">lcc</subfield>
    <subfield code="4">0</subfield>
    <subfield code="7">0</subfield>
    <subfield code="a">WIUC-KL</subfield>
    <subfield code="b">WIUC-KL</subfield>
    <subfield code="c">GEN</subfield>
    <subfield code="d">2019-10-31</subfield>
    <subfield code="o">HG4026.M18(11e)</subfield>
    <subfield code="p">K/1089/1089/19</subfield>
    <subfield code="r">2021-07-22 00:00:00</subfield>
    <subfield code="t">1</subfield>
    <subfield code="w">2021-07-22</subfield>
    <subfield code="y">BK</subfield>
  </datafield>
  <datafield tag="952" ind1=" " ind2=" ">
    <subfield code="0">0</subfield>
    <subfield code="1">0</subfield>
    <subfield code="2">lcc</subfield>
    <subfield code="4">0</subfield>
    <subfield code="7">0</subfield>
    <subfield code="a">WIUC-KL</subfield>
    <subfield code="b">WIUC-KL</subfield>
    <subfield code="c">GEN</subfield>
    <subfield code="d">2019-10-31</subfield>
    <subfield code="o">HG4026.M181(11e)</subfield>
    <subfield code="p">K/1090/1090/19</subfield>
    <subfield code="r">2021-07-22 00:00:00</subfield>
    <subfield code="t">2</subfield>
    <subfield code="w">2021-07-22</subfield>
    <subfield code="y">BK</subfield>
  </datafield>
  <datafield tag="952" ind1=" " ind2=" ">
    <subfield code="0">0</subfield>
    <subfield code="1">0</subfield>
    <subfield code="2">lcc</subfield>
    <subfield code="4">0</subfield>
    <subfield code="7">0</subfield>
    <subfield code="a">WIUC-KL</subfield>
    <subfield code="b">WIUC-KL</subfield>
    <subfield code="c">GEN</subfield>
    <subfield code="d">2019-10-31</subfield>
    <subfield code="o">HG4026.M182(11e)</subfield>
    <subfield code="p">K/1091/1091/19</subfield>
    <subfield code="r">2021-07-22 00:00:00</subfield>
    <subfield code="t">3</subfield>
    <subfield code="w">2021-07-22</subfield>
    <subfield code="y">BK</subfield>
  </datafield>
</record>
